Laddar...
Mass communication and journalism for UGC- NET/SLET: Objective type questions
| Huvudupphovsman: | |
|---|---|
| Materialtyp: | Printed Book |
| Publicerad: |
New Delhi
Atlantic publishers
2012
|
| LEADER | 00439nam a22001097a 4500 | ||
|---|---|---|---|
| 082 | |a 371.262 |b ATL.M | ||
| 100 | |a Atlantic Research Division | ||
| 245 | |a Mass communication and journalism for UGC- NET/SLET: Objective type questions | ||
| 260 | |a New Delhi |b Atlantic publishers |c 2012 | ||
| 942 | |c BK | ||
| 999 | |c 5600 |d 5600 | ||
| 952 | |0 0 |1 0 |4 0 |6 371_262000000000000_ATL_M |7 0 |8 REF |9 6471 |a CAMPUS |b CAMPUS |d 2015-09-08 |l 0 |o 371.262 ATL.M |p 14446 |r 2015-09-08 |w 2015-09-08 |y BK | ||